Quizzes
Events
Quiz Creation
Community
Videos
Private Events
Remove Ads
Sign In
Join for FREE
Feedback
Dark Mode
Quiz Categories
Sports
Geography
Music
Movies
Television
Just For Fun
Miscellaneous
History
Literature
Language
Science
Gaming
Entertainment
Religion
Holiday
For Kids
Quiz Lab
Recent
Popular Today
Quiz Kudos Today
Editor Picks
Curator Picks
Quizzes by...
Day
Popularity
Type
Ratings
Length
Year
Community
Subscriptions
Recent Discussions
Orange Saloon
Badges
Playlists
Quests
Create
Leaderboards
Showdown
Live 5
Trivia Bingo
Activity
Puzzle Library
Sporcle Events
Private Events
Virtual Trivia
Globe League
Become a Host
Pub Owners
SporcleCon
Opinionation
Our Games
Videos
Blog
Mobile Apps
Partnerships
Remove Ads and Go Orange
Feedback
Television
TV Characters
TV Show
Sitcom
Network
Friends
Reality Shows
Cast
South Park
Star Trek
The Simpsons
Doctor Who
Television
TV Characters
TV Show
Sitcom
Network
Friends
Reality Shows
Cast
South Park
Star Trek
The Simpsons
Doctor Who
Random Quiz
Search Sporcle
×
Quiz Lab
Quiz Lab
Television
TV Show
Type in answers that appear in a list
Type in answers that appear in a list
Classic
Best Score? Go Orange.
Thomas TV Stories 2 Stats
Can you name the Thomas TV Stories 2?
By
cuttyflam
18m
227 Questions
1,283 Plays
1,283 Plays
1,283 Plays
Comments
Comments
Give Quiz Kudos
Give Quiz Kudos
-
- Ratings
hide this ad
Replay
Link that replays current quiz
Next Quiz
Link to next quiz in quiz playlist
You Got
0%
They Got
Avg Score
74%
Avg Friend Score
Upgrade to see
Score Distribution
Jump to the score distribution portion of the page
Score
0/227
Timer
18:00
0
Plays Today
Hint
Answer
% Correct
Feature-
length Special
Calling All Engines
94.5%
Series 8
Thomas and the Tuba
94.4%
Series 8
Percy's New Whistle
88.6%
Series 8
Halloween
87.6%
Series 8
Fish
87.4%
Feature-
length Special
The Great Discovery
86.8%
Series 8
Thomas to the Rescue
86.7%
Series 8
Percy and the Magic Carpet
86.4%
Series 9
Mighty Mac
86.4%
Series 8
Chickens to School
86%
Series 9
Thomas and the Birthday Picnic
85.5%
Series 8
Henry and the Wishing Tree
85.2%
Series 8
Too Hot For Thomas
85%
Series 8
Thomas and the Circus
84.6%
Series 8
Emily's Adventure
84.6%
Series 8
Edward the Great
84.5%
Series 9
Flour Power
83.5%
Series 9
Duncan and the Old Mine
83.4%
Series 8
As Good as Gordon
83.2%
Series 8
Thomas Gets it Right
83.2%
Series 8
Gordon Takes Charge
82.2%
Series 8
Emily's New Route
82.2%
Series 8
Thomas Saves the Day
82.1%
Series 8
You Can Do It, Toby!
82.1%
Feature-
length Special
Hero of the Rails
82%
Series 9
The Magic Lamp
81.9%
Series 9
Thomas and the Rainbow
81.8%
Series 9
Molly's Special Special
81.8%
Series 9
Thomas and the New Engine
81.2%
Series 8
James Goes Too Far
81%
Series 9
Percy and the Oil Painting
81%
Series 11
Dream On
80.9%
Series 10
Thomas and the Birthday Mail
80.8%
Series 8
Percy's Big Mistake
80.7%
Series 8
Squeak, Rattle and Roll
80.7%
Series 9
Thomas and the Golden Eagle
80.7%
Series 8
James Gets a New Coat
80.6%
Series 9
Rheneas and the Dinosaur
80.6%
Series 9
Thomas' Milkshake Muddle
80.4%
Series 8
Don't Tell Thomas
80.2%
Series 8
Thomas and the Firework Display
80%
Series 9
Saving Edward
79.5%
Series 9
Respect for Gordon
79.4%
Series 9
Thomas and the Toy Shop
79.3%
Series 8
Thomas, Emily and the Snowplough
79.2%
Series 10
Follow that Flour
79.2%
Series 9
Thomas and the Statue
78.5%
Series 9
Keeping Up with James
78.5%
Series 9
Thomas' Day Off
78.3%
Series 10
Thomas and the Jet Plane
77.9%
Series 17
TBC
77.9%
Series 17
TBC
77.9%
Series 17
TBC
77.9%
Series 17
TBC
77.9%
Series 17
TBC
77.9%
Series 17
TBC
77.9%
Series 17
TBC
77.9%
Series 17
TBC
77.9%
Series 17
TBC
77.9%
Series 17
TBC
77.9%
Series 9
Henry and the Flagpole
77.7%
Series 9
Skarloey the Brave
77.6%
Series 10
A Smooth Ride
77.6%
Series 10
Missing Trucks
77.4%
Series 9
Emily Knows Best
77.1%
Series 9
Tuneful Toots
77%
Series 11
Thomas and the Spaceship
76.9%
Feature-
length Special
Misty Island Rescue
76.9%
Series 9
Bold and Brave
76.9%
Series 11
Thomas and the Storyteller
76.9%
Series 10
The Green Controller
76.7%
Series 10
Thomas and the Treasure
76.5%
Series 8
Spic and Span
76.5%
Series 11
Emily's Rubbish
76.5%
Series 9
Thomas' New Trucks
76.4%
Series 11
Hector the Horrid!
76.4%
Hint
Answer
% Correct
Series 12
Tram Trouble
76.3%
Series 10
Fearless Freddie
76.2%
Series 10
Edward Strikes Out
76.1%
Series 11
Thomas in Trouble
76.1%
Series 10
Toby's New Shed
75.9%
Series 10
Toby's Afternoon Off
75.8%
Series 12
Thomas and the Billboard
75.8%
Series 10
Duncan's Bluff
75.8%
Series 9
Toby Feels Left Out
75.7%
Series 10
James the Second Best
75.6%
Series 9
Thomas Tries His Best
75.5%
Series 11
Dirty Work
75.5%
Series 10
Percy and the Funfair
75.4%
Series 12
Steady Eddie
75.4%
Series 10
It's Good to be Gordon
75.3%
Series 11
Don't Be Silly, Billy
75.3%
Series 10
Sticky Toffee Thomas
75.2%
Series 10
Thomas and Skarloey's Big Day Out
75.2%
Series 11
Thomas and the Big Bang
75.2%
Series 12
Heave Ho Thomas!
75.2%
Series 15
Toby and Bash
75.2%
Series 10
Which Way Now?
75.1%
Series 11
Gordon and the Engineer
75%
Series 11
Toby's Triumph
74.9%
Series 10
Thomas and the Shooting Star
74.6%
Series 11
Thomas and the Stinky Cheese
74.6%
Series 13
Creaky Cranky
74.6%
Series 10
Topped Off Thomas
74.4%
Series 10
Wharf and Peace
74.4%
Series 10
Thomas' Tricky Tree
74.3%
Series 11
Thomas and the Runaway Car
74.3%
Feature-
length Special
Day of the Diesels
74.3%
Series 13
Toby's New Whistle
74.2%
Series 11
Percy and the Left Luggage
74.1%
Series 14
Victor Says Yes
74%
Series 15
Emily and Dash
74%
Series 11
Thomas Sets Sail
74%
Feature-
length Special
Blue Mountain Mystery
74%
Series 10
uncan Drops a Clanger
73.9%
Series 10
Thomas' Frosty Friend
73.9%
Series 10
Emily and the Special Coaches
73.9%
Series 10
Thomas and the Colours
73.9%
Series 11
Thomas and the Lighthouse
73.9%
Series 11
Smoke and Mirrors
73.7%
Series 10
Big Strong Henry
73.6%
Series 11
Henry's Lucky Trucks
73.6%
Series 11
Edward and the Mail
73.5%
Series 12
Best Friends
73.5%
Series 11
Hide and Peep
73.2%
Series 13
The Lion of Sodor
73.1%
Series 13
Slippy Sodor
73%
Series 12
Henry Gets it Wrong
73%
Series 13
Steamy Sodor
72.8%
Series 12
The Party Surprise
72.7%
Series 12
Saved You!
72.7%
Series 12
Gordon Takes a Shortcut
72.7%
Series 13
Hiro Helps Out
72.6%
Series 13
Play Time
72.4%
Series 10
Seeing the Sights
72.3%
Series 12
Mountain Marvel
72.3%
Series 12
Excellent Emily
72.3%
Series 13
Buzzy Bees
72.3%
Series 12
Toby's Special Surprise
72.3%
Feature-
length Special
King of the Railway
71.8%
Series 13
Splish, Splash, Splosh!
71.6%
Series 12
James Works it Out
71.6%
Series 13
Tickled Pink
71.5%
Series 14
Pop Goes Thomas
71.5%
Series 12
Rosie's Funfair Special
71.4%
Series 12
Don't Go Back
71.3%
Series 15
Fiery Flynn
71.2%
Series 15
Percy's New Friends
71.1%
Series 12
Push Me, Pull You
71%
Series 15
Gordon and Ferdinand
71%
Series 13
The Biggest Present of All
70.8%
Series 13
Snow Tracks
70.8%
Hint
Answer
% Correct
Series 14
Thomas in Charge
70.7%
Series 14
Thomas and Scruff
70.7%
Series 12
Duncan and the Hot Air Balloon
70.5%
Series 13
Percy's Parcel
70.5%
Series 15
Big Belle
70.5%
Series 12
Thomas Puts the Brakes On
70.5%
Series 14
Thomas' Tall Friend
70.4%
Series 12
Percy and the Bandstand
70.1%
Series 13
Time for a Story
70.1%
Series 13
Henry's Good Deeds
70.1%
Series 14
O the Indignity
70.1%
Series 14
James in the Dark
70%
Series 14
Charlie and Eddie
70%
Series 15
Kevin the Steamie
69.9%
Series 15
Wonky Whistle
69.9%
Series 12
The Man in the Hills
69.8%
Series 13
A Blooming Mess
69.8%
Series 14
Henry's Health and Safety
69.8%
Series 15
James to the Rescue
69.6%
Series 14
Thomas and the Snowman Party
69.5%
Series 16
Welcome Stafford
69.3%
Series 13
Double Trouble
69.2%
Series 15
Henry's Happy Coal
69.1%
Series 14
Merry Misty Island
68.9%
Series 15
Happy Hiro
68.9%
Series 16
Happy Birthday Sir!
68.8%
Series 13
Thomas and the Runaway Kite
68.7%
Series 14
Being Percy
68.7%
Series 15
Surprise, Surprise
68.7%
Series 14
Diesel's Special Delivery
68.6%
Series 14
Henry's Magic Box
68.6%
Series 13
Thomas and the Pigs
68.4%
Series 17
The Switch
68.3%
Series 15
Edward the Hero
68.2%
Series 14
Merry Winter Wish
68.1%
Series 15
Spencer the Grand
68.1%
Series 14
Pingy Pongy Pick Up
67.8%
Series 16
Ho Ho Snowman
67.8%
Series 17
Henry's Hero
67.7%
Series 16
Percy and the Calliope
67.6%
Series 15
Percy the Snowman
67.3%
Series 16
The Christmas Tree Express
67.3%
Series 17
Not Now, Charlie!
67.3%
Series 14
Jitters and Japes
67.3%
Series 16
Express Coming Through
67.2%
Series 15
Stop that Bus!
67.1%
Series 15
Tree Trouble
67.1%
Series 17
Kevin's Cranky Friend
67.1%
Series 13
The Early Bird
67%
Series 16
Race to the Rescue
67%
Series 17
Luke's New Friend
67%
Series 17
Wayward Winston
67%
Series 14
Toby and the Whistling Woods
66.9%
Series 14
Jumping Jobi Wood!
66.9%
Series 16
Whiff's Wish
66.9%
Series 14
Thomas' Crazy Day
66.8%
Series 16
Don't Bother Victor!
66.7%
Series 16
Bust My Buffers!
66.6%
Series 16
Thomas and the Sounds of Sodor
66.6%
Series 16
Flash Bang Wallop!
66.4%
Series 16
Salty's Surprise
66.3%
Series 16
Ol' Wheezy Wobbles
66.3%
Series 17
Calm Down Caitlin
66.3%
Series 17
Steamie Stafford
66.3%
Series 15
Stuck on You
66.2%
Series 17
Gordon Runs Dry
66.1%
Series 16
Sodor Surprise Day
65.5%
Series 17
Scruff's Makeover
65.5%
Series 16
Thomas Toots the Crows
65.5%
Series 15
Let it Snow
64.9%
Series 16
Percy and the Monster of Brendam
64.2%
Series 16
Emily's Winter Party Special
64.1%
Series 15
Up, Up and Away!
64.1%
Series 16
Muddy Matters
63.8%
Series 16
Thomas and the Rubbish Train
63.8%
Quiz Playlist
Details
Report
Send in Message
Add To Playlist
Classic:
Type in answers that appear in a list
Last Updated: Feb 16, 2017
Quiz Scoreboard
CHALLENGE
Sign Up to Join the Scoreboard
Show All
Scores
Hide
Comments
May contain spoilers
Recently Published
Pick 6: Fruits
by JohnFran
Miscellaneous
15s
Click the 1999 NBA Draft
by nibperrychub
Sports
2m
Alphabetical 'K' Countries by Flag Minefield
by ylime102
Geography
3m
More to Explore
Quiz From the Vault
Featured Blog Post
15 Basketball Trivia Facts You Can Be March Mad About
hide this ad
You Might Also Like...
Tags
TV Show Quiz
episode
name
thomas
train
TV Episodes
Today's Top Quizzes in Television
Browse Television
hide this ad
Today's Top Quizzes in TV Show
Browse TV Show
Top Contributed Quizzes in Television
1
Hidden Simpsons Character
2
First Name TV: Leading Men
3
Hidden Simpsons Character XXIV
4
First Name TV: Leading Women Drama
5
Pick A Pair: Religious TV
6
Hidden Simpsons Character XXV
7
Hidden Simpsons Character XXVI
8
Demon Slayer Impossible Quiz
9
Hidden Simpsons Character II
10
One Piece Logic Puzzle
Explore More
Trending Topics
Kpop
Disney
Anime
Harry Potter
NBA
Crossword
Marvel
WWE
NFL
The Office
Soccer
Puzzle
Song
Country
Pokémon
hide this ad
More By:
cuttyflam
Quiz
Plays
Rating
Category
Featured
Created
Thomas TV Stories
1,862
5.00
Television
Aug 20, 2013
Thomas TV Stories 2
1,283
Television
Aug 20, 2013
Go to Creator's Profile
Score Distribution
Quiz Creator Spotlight
cuttyflam
Follow
Send a Message
Quizzes Created
-
Created Quiz Play Count
-
More By This Creator
Popular Quizzes Today
1
Countries of Asia Without Outlines Minefield
2
Find the US States - No Outlines Minefield
3
Pick 6: Fruits
4
Alphabetical 'K' Countries by Flag Minefield
5
The Countries of the World
6
Find the US States
7
US States
8
Find the Countries of Europe - No Outlines Minefield
More Television Quizzes
Just 3 Words: TV Shows
Published
Trending Quizzes
Pick 6: Mountains
Pick 6: Harry Potter
Pick 6: Flags
Pick 6: NFL Teams
Pick 6: Movie Franchises
Recently Updated
NWSL Teams
pecheneg
Women's Final Four Teams by Year
bhenderson79
Presidents Quartet II
eogle
Anything But Clue(do)
eogle
Anything But Oceanian Capitals
eogle
Anything But 7
eogle
Anything But Thing
eogle
Word Ladder: February 29
pecheneg
Song Title Questions
pecheneg
Women's NCAA Tournament #1 Seeds
pecheneg
Trending Topics
NBA
Disney
Harry Potter
Marvel
Kpop
Crossword
Anime
Country
NFL
WWE
Soccer
Song
Pokémon
The Office
Puzzle
Your Account Isn't Verified!
In order to create a playlist on Sporcle, you need to verify the email address you used during registration. Go to your
Sporcle Settings
to finish the process.
Report this User
Report this user for behavior that violates our
Community Guidelines
.
Details:
Send Report
Go to the Sporcle.com Mobile Site →
Comments